00899nam a2200265 a 450000100060000000300080000600500170001400800410003102000280007203500190010004000270011904100080014608200260015424501520018026000450033230000250037750000200040265000250042265000130044765100380046065100380049870000480053670000270058470000220061158718BD-RjUL20211209080642.0161219s1990 cou 001 0 eng  a0813381487 (alk. paper) a(BD-RjUL)58842 aDLCcDLCdBD-RjULbeng aeng00a327.174223bKOR 199004aThe Korean Peninsula :bprospects for arms reduction under global detente /cedited by William J. Taylor, Jr., Cha Young-koo, and John Q. Blodgett. aBoulder, Colo. :bWestview Press,c1990. avi, 275 p. ;c23 cm. aIncludes index. 0aArms controlzKorea. 0aDetente. 0aKorea (South)xForeign relations. 0aKorea (North)xForeign relations.1 aTaylor, William J.q(William Jesse),d1933-1 aCha, Young Koo,d1947-1 aBlodgett, John Q.